Crazy Character Confusion Quiz Stats

Quiz Updated Sep 12, 2014

Challenge
Share
Tweet
Embed
Score 0/18 Timer 05:00
0 Plays Today
% Correct
Kermit the Smaug
97.6%
Minnie the Pooh
96.2%
The Indelible Hulk
95.8%
Mickey House
95.1%
Tarzan the Grape Man
94.7%
The Wicked Snitch of the West
94.4%
Rookie Monster
92.9%
Chewspocka
91%
Admiral Snackbar
90.9%
% Correct
Optimus Grimes
90.5%
Tinker, Tailor, Soldier Bell
90.4%
Dunder Woman
90.2%
Tony the Geiger Counter
88.6%
Mortal Wombat
88.5%
Tom Petty Boop
87.7%
Snape Ape
81.7%
Rowdy Doody
78.3%
Magilla Guerilla
73.5%

You're not logged in!

Compare scores with friends on all Sporcle quizzes.
Sign Up with Email
OR
Log In

You Might Also Like...

Show Comments

Extras

Top Quizzes Today


Score Distribution

Your Account Isn't Verified!

In order to create a playlist on Sporcle, you need to verify the email address you used during registration. Go to your Sporcle Settings to finish the process.